Environmentálne investície a ich efektívnosť

Vymedzenie environmentálnych investícií. Hodnotenie efektívnosti environmentálnych investícií. Klasifikácia metód hodnotenia efektívnosti environmentálnych investícií.

Na minha lista:
Detalhes bibliográficos
Autor principal: Belanová, Katarína, 1978-
Formato: Capítulo de Livro
Idioma:eslovaco
Assuntos:
Tags: Adicionar Tag
Sem tags, seja o primeiro a adicionar uma tag!

MARC

LEADER 00000nla a2200000 4500
001 0164601
005 20240502072855.8
041 0 |a slo 
044 |a SK 
245 1 0 |a Environmentálne investície a ich efektívnosť  |c Katarína Belanová 
520 |a Vymedzenie environmentálnych investícií. Hodnotenie efektívnosti environmentálnych investícií. Klasifikácia metód hodnotenia efektívnosti environmentálnych investícií. 
610 2 0 |a investície 
610 2 0 |a efektívnosť investícií 
610 2 0 |a výnosnosť 
610 2 0 |a náklady 
610 2 0 |a ochrana prostredia životného 
100 1 |a Belanová, Katarína, 1978-